UBT Library

The bonsai bear / (Record no. 44201)

000 -LEADER
fixed length control field 00666cam a2200229 a 4500
001 - CONTROL NUMBER
control field 3562419
005 - DATE AND TIME OF LATEST TRANSACTION
control field 20180306082040.0
008 - FIXED-LENGTH DATA ELEMENTS--GENERAL INFORMATION
fixed length control field 981001s1999 waua j 000 1 eng
010 ## - LIBRARY OF CONGRESS CONTROL NUMBER
LC control number 98042666
020 ## - INTERNATIONAL STANDARD BOOK NUMBER
International Standard Book Number 0935699155
040 ## - CATALOGING SOURCE
Original cataloging agency DLC
Transcribing agency DLC
Modifying agency DLC
041 ## - LANGUAGE CODE
Language code of text/sound track or separate title eng
042 ## - AUTHENTICATION CODE
Authentication code lcac
080 ## - UNIVERSAL DECIMAL CLASSIFICATION NUMBER
Universal Decimal Classification number 574 her
082 00 - DEWEY DECIMAL CLASSIFICATION NUMBER
Classification number 574 her
Edition number 21
100 1# - Rafti
Rafti 9
101 ## - Shkurtesa
Shkurtesa mje
245 14 - TITLE STATEMENT
Title The bonsai bear /
Statement of responsibility, etc by Bernard Libster ; illustrations by Aries Cheung.
906 ## - LOCAL DATA ELEMENT F, LDF (RLIN)
a 7
b cbc
c orignew
d 1
e ocip
f 19
g y-gencatlg
942 ## - ADDED ENTRY ELEMENTS (KOHA)
Source of classification or shelving scheme
Item type Books
Holdings
Withdrawn status Lost status Source of classification or shelving scheme Damaged status Not for loan Collection code Permanent location Current location Shelving location Date acquired Total Checkouts Full call number Barcode Date last seen Price effective from Koha item type
          Koleksioni i përgjithshem UBT - Lipjan UBT - Lipjan Koleksioni i përgjithshem 03/06/2018   574 her 002-3001131 03/06/2018 03/06/2018 Books
          Koleksioni i përgjithshem UBT - Lipjan UBT - Lipjan Koleksioni i përgjithshem 03/06/2018   574 lia 002-3001136 03/06/2018 03/06/2018 Books
UBT Library © 2015-2024. All rights reserved University Education for Business and Technology